Who moved my cheese? : (Record no. 284774)
[ view plain ]
| 000 -LEADER | |
|---|---|
| fixed length control field | 01149nam a22002897a 4500 |
| 001 - CONTROL NUMBER | |
| control field | 4979227 |
| 003 - CONTROL NUMBER IDENTIFIER | |
| control field | PILC |
| 005 - DATE AND TIME OF LATEST TRANSACTION | |
| control field | 20181022085700.0 |
| 008 - FIXED-LENGTH DATA ELEMENTS--GENERAL INFORMATION | |
| fixed length control field | 150608b xxu||||| |||| 00| 0 eng d |
| 010 ## - LIBRARY OF CONGRESS CONTROL NUMBER | |
| LC control number | 98015502 |
| 020 ## - INTERNATIONAL STANDARD BOOK NUMBER | |
| International Standard Book Number | 0399144463 |
| 040 ## - CATALOGING SOURCE | |
| Original cataloging agency | DLC |
| Transcribing agency | DLC |
| Modifying agency | DLC |
| 050 00 - LIBRARY OF CONGRESS CALL NUMBER | |
| Classification number | BF637.C4 |
| Item number | J64 1998 |
| 082 00 - DEWEY DECIMAL CLASSIFICATION NUMBER | |
| Classification number | 155.2/4 |
| 100 1# - MAIN ENTRY--PERSONAL NAME | |
| Personal name | Johnson, Spencer. |
| 245 10 - TITLE STATEMENT | |
| Title | Who moved my cheese? : |
| Remainder of title | an amazing way to deal with change in your work and in your life / |
| Statement of responsibility, etc | Spencer Johnson. |
| 260 ## - PUBLICATION, DISTRIBUTION, ETC. (IMPRINT) | |
| Place of publication, distribution, etc | New York : |
| Name of publisher, distributor, etc | Putnam, |
| Date of publication, distribution, etc | c1998. |
| 300 ## - PHYSICAL DESCRIPTION | |
| Extent | 94 p. : |
| Other physical details | ill. ; |
| Dimensions | 22 cm. |
| 650 #0 - SUBJECT ADDED ENTRY--TOPICAL TERM | |
| Topical term or geographic name as entry element | Change (Psychology) |
| 856 42 - ELECTRONIC LOCATION AND ACCESS | |
| Materials specified | Contributor biographical information |
| Uniform Resource Identifier | <a href="http://www.loc.gov/catdir/enhancements/fy1207/98015502-b.html">http://www.loc.gov/catdir/enhancements/fy1207/98015502-b.html</a> |
| 856 42 - ELECTRONIC LOCATION AND ACCESS | |
| Materials specified | Publisher description |
| Uniform Resource Identifier | <a href="http://www.loc.gov/catdir/enhancements/fy1207/98015502-d.html">http://www.loc.gov/catdir/enhancements/fy1207/98015502-d.html</a> |
| 856 41 - ELECTRONIC LOCATION AND ACCESS | |
| Materials specified | Table of contents only |
| Uniform Resource Identifier | <a href="http://www.loc.gov/catdir/enhancements/fy1207/98015502-t.html">http://www.loc.gov/catdir/enhancements/fy1207/98015502-t.html</a> |
| 906 ## - LOCAL DATA ELEMENT F, LDF (RLIN) | |
| a | 7 |
| b | cbc |
| c | orignew |
| d | 1 |
| e | ocip |
| f | 19 |
| g | y-gencatlg |
| 942 ## - ADDED ENTRY ELEMENTS (KOHA) | |
| Source of classification or shelving scheme | Library of Congress Classification |
| Koha item type | Books |
| Call number suffix | BF637.C4 J64 1998 |
| Withdrawn status | Lost status | Source of classification or shelving scheme | Damaged status | Home library | Current library | Shelving location | Date acquired | Source of acquisition | Total Checkouts | Total Renewals | Full call number | Barcode | Date last seen | Date checked out | Price effective from | Koha item type | Public note | Sub Shelving location |
|---|---|---|---|---|---|---|---|---|---|---|---|---|---|---|---|---|---|---|
| Library of Congress Classification | Luxembourg Library | Luxembourg Library | High School Section | 06/08/2015 | Library Fund | 9 | 40 | BF 637.C4 J64 1998 | 19944 | 12/02/2019 | 11/13/2019 | 06/08/2015 | Books | Be Amazing. Be Southville. | ||||
| Library of Congress Classification | Luxembourg Library | Luxembourg Library | High School Section | 06/08/2015 | Library Fund | 10 | 5 | BF 637.C4 J64 1998 | 19947 | 07/06/2022 | 02/06/2020 | 06/08/2015 | Books | |||||
| Library of Congress Classification | Luxembourg Library | Luxembourg Library | Teachers Reference Section | 06/08/2015 | Library Fund | 5 | 1 | BF 637.C4 J64 1998 | 19948 | 11/29/2017 | 11/21/2017 | 06/08/2015 | Books | |||||
| Library of Congress Classification | Luxembourg Library | Luxembourg Library | High School Section | 10/16/2018 | Donation | 2 | BF 637.C4 J64 1998 | 20615 | 03/01/2019 | 02/11/2019 | 10/16/2018 | Books | Donated by Shaznay Marisha Tracey Lovi |